00402nam a2200121Ia 4500008004100000245014100041260001700182260000900199300000800208650002300216650001200239856002900251170516s9999 xx 000 0 und d aBiosimilar G-CSF Based Mobilization of Peripheral Blood Hematopoietic Stem Cells for Autologous and Allogeneic Stem Cell Transplantation bTheranostics c2014 a4:3 xMedical Technology xMedtech uhttp://www.thno.org/v4i3